000 00289nam a2200109Ia 4500
008 200302s9999 xx 000 0 und d
100 _aMartin Tomitsch and Others
245 _aDesign think make break repeat A Handbook of methods
260 _bBIS ublishers
260 _c2018
300 _a206
999 _c7390
_d7390